Global corporate tax handbook 2008

Salvato in:
Dettagli Bibliografici
Natura: Libro
Lingua:inglese
Pubblicazione: Amsterdam IBFD 2008
Serie:Global tax series
Soggetti:
Tags: Aggiungi Tag
Nessun Tag, puoi essere il primo ad aggiungerne!!

MARC

LEADER 00000nam$a2200000$$$4500
001 0085324
005 20240313132921.5
020 |a 978-90-8722-032-7 
022 |a 1872-6747 
041 0 |a eng 
044 |a NL 
245 1 0 |a Global corporate tax handbook 2008 
264 1 |a Amsterdam  |b IBFD  |c 2008 
300 |a 1034 s. 
490 1 |a Global tax series 
830 0 |a Global tax series 
610 2 0 |a dane 
610 2 0 |a systémy daňové 
610 2 0 |a politika daňová 
610 2 0 |a informácie 
610 2 0 |a porovnanie medzinárodné